Luật và tư vấn luật doanh nghiệp và người dân cần biết

保存先:
書誌詳細
フォーマット: 図書
言語:Undetermined
出版事項: H. Thông tấn 2004
主題:
タグ: タグ追加
タグなし, このレコードへの初めてのタグを付けませんか!
Thư viện lưu trữ: Trung tâm Học liệu Trường Đại học Cần Thơ
LEADER 00530nam a2200181Ia 4500
001 CTU_59830
008 210402s9999 xx 000 0 und d
020 |b 250000 
082 |a 346.597065 
082 |b L504 
245 0 |a Luật và tư vấn luật doanh nghiệp và người dân cần biết 
260 |a H. 
260 |b Thông tấn 
260 |c 2004 
650 |a business enterprises 
650 |x law and legislation 
904 |i Minh 
980 |a Trung tâm Học liệu Trường Đại học Cần Thơ